| 000 | 00344nam a22001217a 4500 | ||
|---|---|---|---|
| 082 | _a621.47 INT'Z | ||
| 100 |
_aZAREM, A. M,ERWAY, DUANE D _957399 |
||
| 245 | _aINTRODUCTION TO THE UTILIZATION OF SOLAR ENERGY | ||
| 260 |
_aNEWYORK _bMCGRAW HILL _c1963 |
||
| 300 | _a398P | ||
| 650 |
_aSOLAR ENERGY-UTILIZATION SOLAR ENERGY _957400 |
||
| 942 | _cBK | ||
| 999 |
_c567688 _d567688 |
||